| 000 | 00476nam a22001817a 4500 | ||
|---|---|---|---|
| 003 | OSt | ||
| 005 | 20180116183005.0 | ||
| 008 | 150806b xxu||||| |||| 00| 0 eng d | ||
| 020 | _a9788126545667 | ||
| 040 | _c0 | ||
| 082 |
_25th _a519.536 JEE 2014 |
||
| 100 | _aSamprit Chattarjee | ||
| 245 |
_aRegression Analysis by Example _cSamprit Chattarjee |
||
| 260 |
_aIndia _bWiley _c2014 |
||
| 300 |
_a393 p. _bPB |
||
| 440 | _aRegression Analysis by Example | ||
| 942 |
_2ddc _cBK |
||
| 999 |
_c350031 _d350031 |
||